• 首页
  • 本馆介绍
  • 公告通知
  • 最新文献
  • 馆藏检索
  • 电子资源
  • 读者导购
  • 参考咨询
  • 我的图书馆
  • 登录
  • 详细信息显示
  • 放入我的书架
  • 预约/预借图书
  • 作者相关作品
  • 分类相关作品
  • 丛书相关作品
  • 出版社相关作品

书目信息

  • 表格格式
  • 工作单格式
  • 卡片格式
题名:
中西绘画“体异性通”论
    
 
作者: 李镇 著
分册:  
出版信息: 北京   清华大学出版社  2011
页数: 263页
开本: 26cm
丛书名:
单 册:
中图分类: J205.1 , J212.052
科图分类:
主题词: 绘画--对比研究--中国--西方国家 , 绘画
电子资源:
ISBN: 978-7-302-24717-3
000 00939nam0 2200277 45
001 1138507859
005 20110419103932.87
010    @a978-7-302-24717-3@dCNY56.00
100    @a20110318d2011 em y0chiy0110 ea
101 0  @achi
102    @aCN@b110000
105    @ay z 000yy
106    @ar
200 1  @a中西绘画“体异性通”论@AZhong Xi Hui Hua“ Ti Yi Xing Tong” Lun@e石涛与塞尚艺术比较研究@EShi Tao Yu Sai Shang Yi Shu Bi Jiao Yan Jiu@f李镇著@FLi Zhen Zhu
210    @a北京@c清华大学出版社@d2011
215    @a263页@d26cm
517 1  @a石涛与塞尚艺术比较研究@AShi Tao Yu Sai Shang Yi Shu Bi Jiao Yan Jiu
600  0 @a石涛@f(1641-1718)@x中国画@x艺术评论
600  0 @a塞尚,P@f(1839-1906)@x绘画@x艺术评论
606 0  @a绘画@x对比研究@y中国@y西方国家
606 0  @a绘画
690    @aJ205.1@v4
690    @aJ212.052@v4
701  0 @a李镇@ALi Zhen@4著
801  0 @aCN@bTANGWEI@c20110419
905    @b0536385-89@dJ205.1@e589@f5
    
    中西绘画“体异性通”论:石涛与塞尚艺术比较研究/李镇著.-北京:清华大学出版社,2011
    263页;26cm
    
    
    ISBN 978-7-302-24717-3:CNY56.00
    
●
相关链接 在E读中查询图书 在五车中查询图书 在当当中查询图书 在豆瓣中查询图书


正题名:中西绘画"体异性通"论     索取号:J205.1/589         预约/预借

序号 登录号 条形码 馆藏地/架位号 状态 备注
1 0536385   205363854   第一样本阅览室/ [索取号:J205.1/589] 在馆    
2 0536386   205363863   第一借阅区/ [索取号:J205.1/589] 在馆    
3 0536387   205363872   第一借阅区/ [索取号:J205.1/589] 在馆    
4 0536388   205363881   第一借阅区/ [索取号:J205.1/589] 在馆    
5 0536389   205363890   第一借阅区/ [索取号:J205.1/589] 在馆    
唐山师范学院图书馆 欢迎您!
大连网信软件有限公司© 版权所有